000
00274nam a22001337a 4500
008
171227b xxu||||| |||| 00| 0 eng d
020
_a
0442203829
041
_a
eng
080
_a
573
100
_a
11
101
_a
BIO
245
_a
Cell Biology
_c
Avers
942
_2
udc
_c
BK
999
_c
39445
_d
39445